Cicerone giureconsulto
Guardat en:
| Autor principal: | |
|---|---|
| Format: | Llibre |
| Idioma: | italià |
| Publicat: |
Roma
L' Erma di Bretschneider
1964
|
| Col·lecció: | Studia Jurídica, 28
|
| Matèries: | |
| Etiquetes: |
Afegir etiqueta
Sense etiquetes, Sigues el primer a etiquetar aquest registre!
|
MARC
| LEADER | 00000nam a2200000 a 4500 | ||
|---|---|---|---|
| 001 | UCV3560 | ||
| 003 | CL-VaPUC | ||
| 008 | 930908e19640000IT |||||||||||||||||ita|d | ||
| 082 | 0 | 4 | |a 340.54 |b COS |2 21 |
| 100 | 0 | |a Costa, Emilio |e author |9 297804 | |
| 245 | 1 | 0 | |a Cicerone giureconsulto |
| 300 | |a v | ||
| 942 | |c BK | ||
| 945 | |d 19930908 00:00:00 | ||
| 260 | |a Roma |b L' Erma di Bretschneider |c 1964 | ||
| 600 | 0 | |a Cicerón, Marco Tulio |e autor |9 255203 | |
| 650 | 0 | |a Derecho romano |9 255930 | |
| 583 | |a last modification |c 19930908 00:00:00 |k Rodrigo Vera | ||
| 490 | 0 | |a Studia Jurídica, 28 | |
| 999 | |c 210723 |d 210721 | ||
| 952 | |0 0 |1 0 |4 0 |6 340_540000000000000_COS_1964 |7 0 |8 X |9 187189 |a BIBDER |b BIBDER |d 2019-11-14 |h v.1 |i 2548844 |o 340.54 COS 1964 |p 2548844 |r 2023-01-25 |w 2019-11-14 |y BK_X |k DER | ||